La réponse est une commune du Loiret - Statistiques

Statistiques générales
  • Ce quiz a été pris 7 fois
  • Le résultat moyen est 10 sur 20
Statistiques - réponses
Indice Lettre Commune % Correct
Bruit d'un fantôme qui veut faire peur B Bou
80%
Excréments C {Crottes}-en-Pithiverais
80%
Sec en anglais D Dry
80%
Champignons comestibles parmi les plus connus G Girolles
80%
Faatigué, eenuyé L Laas
80%
Savez-vous les planter à la mode de chez nous ? (L) C Les {Choux}
80%
Arbres qui produisent des noix N Noyers
80%
Impossibilités accidentelles pour un mécanisme de fonctionner P Pannes
80%
Préparation à base de viande, aussi appelée terrine P Patay
80%
Paniers sans anse, qui servent notamment à jeter les papiers C Corbeilles
60%
Homonyme de l'unité de mesure de charge électrique C Coullons
60%
Ancien gardien célèbre de l'équipe de France de football L Lorris
60%
Si le deuxième jour de la semaine devenait un adjectif M Mardié
60%
Quand il fait sombre, on ... pas bien, contrairement aux chats, par exemple N Nevoy
40%
Le point commun entre Vladimir Poutine, un boxeur professionnel et une épée de qualité ? Ils ont tous une ... B Bellegarde
20%
Enchantement, sortilège (L) C Le {Charme}
20%
Pièce de porc crue, traitée en salaison et fumée, puis débitée en fines tranches B Baccon
0%
Bloques, cales, immobilises C Coinces
0%
Reptile imaginaire doté de 100 têtes, dans la mythologie grecque L Ladon
0%
Une personne que vous ne trouvez pas à votre goût, mais qui n'est pas laide, n'est ni moche ... N Nibelle
0%
Aucun quiz correspondant
Distribution des résultats
% des personnes avec chaque résultat
Percentile par nombre de réponses
Votre historique - résultats
Vous n’avez pas pris ce quiz